ASOIAF - Reach Houses COAs - Statistics

General Stats
  • This quiz has been taken 137 times
  • The average score is 15 of 32
Answer Stats
Picture Answer % Correct
Hightower
100%
Tyrell
97%
Tarly
93%
Redwyne
92%
Florent
88%
Beesbury
86%
Fossoway of Cider Hall
85%
Fossoway of New Barrel
83%
Webber
64%
Merryweather
60%
Rowan
60%
Oakheart
58%
Peake
58%
Ashford
56%
Crane
50%
Caswell
42%
Bulwer
40%
Mullendore
35%
Costayne
28%
Meadows
28%
Ambrose
25%
Footly
24%
Cuy
22%
Grimm
17%
Vyrwel
15%
Cockshaw
14%
Serry
14%
Hewett
13%
Graceford
11%
Chester
10%
Varner
8%
Wythers
6%
No matching quizzes found
Score Distribution
Percent of People with Each Score
Percentile by Number Answered
Your Score History
You have not taken this quiz